00529nam a2200169Ia 4500100001700000650000800017942000700025366000700032654000800039245006900047260002800116082001500144300000800159546002300167999001700190952015200207 aMurach/Joel  aSQL cBK f20 aSQL aMurach's Oracle SQL and PL/SQL and PL/SQL:Training and reference bShroff Publishersc2008 a5.133bMUR a627 aENGLISHcComputers c35210d35210 001040708CRCaCRCEb428d2023-03-17eBook Baseg400.00i10810 dt 26/04/2011l1o5.133 MURp21608r2024-04-18s2024-04-05v500.00w0000-00-00yBK